000 00746nam a22001937a 4500
999 _c61644
_d61644
005 20240410095634.0
008 240408s2002 enk||||| |||| 00| 0 geo d
020 _a9644590090x
041 _aeng
080 _a811.111+61 D-30
100 _aDeedari, Reza
_921718
245 _aEnglish for students of medicine I/
_cReza Deedari, Mohammad Zia Hossaini; edited by M. Varzegar.
264 _aTehran :
_bThe center of studing and copiling university books in humanities,
_c2002.
300 _a360 p. ;
_b24 cm.
653 _aმედიცინა
653 _aინგლისური ენა მედიკოსებისთვის
700 _aHossaini, Mohammad Zia
_eავტორი
_921719
942 _2udc
_cᲬᲘᲒᲜᲘ